Manažerské účetnictví

Používateľská štruktúra účtovných informácií. Pojem manažérske účtovníctvo (Management Accounting, príp. Managerial Accountancy). Vzájomný vzťah finančného, daňového a manažérskeho účtovníctva. Vzťah manažérskeho účtovníctva a controllingu. Dualizmus v ponímaní finančného a manažérskeho účtovníctva....

Descrizione completa

Salvato in:
Dettagli Bibliografici
Autore principale: Král, Bohumil
Natura: Capitolo di libro
Lingua:ceco
Soggetti:
Tags: Aggiungi Tag
Nessun Tag, puoi essere il primo ad aggiungerne!!

MARC

LEADER 00000naa a2200000 4500
001 r037129
005 20240411081200.5
041 0 |a cze 
044 |a CZ 
245 1 0 |a Manažerské účetnictví  |c Bohumil Král 
520 |a Používateľská štruktúra účtovných informácií. Pojem manažérske účtovníctvo (Management Accounting, príp. Managerial Accountancy). Vzájomný vzťah finančného, daňového a manažérskeho účtovníctva. Vzťah manažérskeho účtovníctva a controllingu. Dualizmus v ponímaní finančného a manažérskeho účtovníctva. Príklady. 
610 2 0 |a účtovníctvo manažérske 
610 2 0 |a pojmy 
610 2 0 |a informácie 
610 2 0 |a kontroling 
610 2 0 |a účtovníctvo finančné 
610 2 0 |a účtovníctvo daňové 
100 1 |a Král, Bohumil